Errare humanum est: Theologische Aspekte der Anthropologie

Gespeichert in:  
Bibliographische Detailangaben
1. VerfasserIn: Schwarzwäller, Klaus 1935-2012 (Verfasst von)
Medienart: Druck Aufsatz
Sprache:Deutsch
Verfügbarkeit prüfen: HBZ Gateway
Fernleihe:Fernleihe für die Fachinformationsdienste
Veröffentlicht: 1996
In: Informationes theologiae Europae
Jahr: 1996, Band: 5, Seiten: 27-51
normierte Schlagwort(-folgen):B Theologische Anthropologie
IxTheo Notationen:NBE Anthropologie

MARC

LEADER 00000caa a22000002c 4500
001 395070597
003 DE-627
005 20220617121930.0
007 tu
008 160405s1996 xx ||||| 00| ||ger c
035 |a (DE-627)395070597 
035 |a (DE-576)464055431 
035 |a (DE-599)GBV395070597 
040 |a DE-627  |b ger  |c DE-627  |e rakwb 
041 |a ger 
084 |a 1  |2 ssgn 
100 1 |0 (DE-588)121813207  |0 (DE-627)08155172X  |0 (DE-576)163009872  |4 aut  |a Schwarzwäller, Klaus  |d 1935-2012 
109 |a Schwarzwäller, Klaus 1935-2012  |a Schwarzwaeller, Klaus 1935-2012  |a Schwarzwäller, K. 1935-2012 
245 1 0 |a Errare humanum est  |b Theologische Aspekte der Anthropologie 
264 1 |c 1996 
336 |a Text  |b txt  |2 rdacontent 
337 |a ohne Hilfsmittel zu benutzen  |b n  |2 rdamedia 
338 |a Band  |b nc  |2 rdacarrier 
601 |a Theologe 
601 |a Anthropologie 
652 |a NBE 
689 0 0 |d s  |0 (DE-588)4059766-0  |0 (DE-627)106142321  |0 (DE-576)209132183  |2 gnd  |a Theologische Anthropologie 
689 0 |5 (DE-627) 
773 0 8 |i In  |t Informationes theologiae Europae  |d Frankfurt, M. : Lang, 1992  |g 5(1996), Seite 27-51  |w (DE-627)169208176  |w (DE-600)913133-4  |w (DE-576)034185690  |7 nnas  |x 0942-4822 
773 1 8 |g volume:5  |g year:1996  |g pages:27-51 
935 |a mteo 
935 |i Blocktest 
951 |a AR 
ELC |b 1 
ITA |a 1  |t 1 
LOK |0 000 xxxxxcx a22 zn 4500 
LOK |0 001 3292213738 
LOK |0 003 DE-627 
LOK |0 004 395070597 
LOK |0 005 20160405110037 
LOK |0 008 160404||||||||||||||||ger||||||| 
LOK |0 040   |a DE-Tue135  |c DE-627  |d DE-Tue135 
LOK |0 092   |o n 
LOK |0 852   |a DE-Tue135 
LOK |0 852 1  |9 00 
LOK |0 935   |a ixzs  |a ixmi 
LOK |0 936ln  |0 144205168X  |a NBE 
LOK |0 939   |a 04-04-16  |b l01 
ORI |a SA-MARC-ixtheoa001.raw 
STA 0 0 |a Theological anthropology,Anthropology 
STB 0 0 |a Anthropologie théologique 
STC 0 0 |a Antropología teológica 
STD 0 0 |a Antropologia teologica 
STE 0 0 |a 神学人论 
STF 0 0 |a 神學人論 
STG 0 0 |a Antropologia teológica 
STH 0 0 |a Богословская антропология 
STI 0 0 |a Θεολογική ανθρωπολογία 
SYG 0 0 |a Anthropologie,Christliche Anthropologie,Theologie